000 00369 a2200157 4500
001 75071
020 _a9788562018549
040 _cAnchieta - Colégio São Paulo
100 _aFrança, Eliardo
240 1 0 _aEsmeralda espera um bebê
_lpor
245 1 0 _aEsmeralda espera um bebê
300 _a[16]
362 0 _a2013
650 4 _aLiteratura infantil
942 _cBK
999 _c75071
_d75071